Normal view
MARC view
- Cognitive grammar
Entry Topical Term
001 - CONTROL NUMBER
- control field: 36982
003 - CONTROL NUMBER IDENTIFIER
- control field: OSt
005 - DATE AND TIME OF LATEST TRANSACTION
- control field: 20141218112116.0
008 - FIXED-LENGTH DATA ELEMENTS
- fixed length control field: 141218|| aca||babn | a|a d
040 ## - CATALOGING SOURCE
- Original cataloging agency: OSt
150 ## - HEADING--TOPICAL TERM
- Topical term or geographic name as entry element: Cognitive grammar
450 ## - SEE FROM TRACING--TOPICAL TERM
- Topical term or geographic name entry element: Cognitive linguistics
550 ## - SEE ALSO FROM TRACING--TOPICAL TERM
- Topical term or geographic name entry element: Grammar, Comparative and general
550 ## - SEE ALSO FROM TRACING--TOPICAL TERM
- Topical term or geographic name entry element: Psycholinguistics